Lovejoy Charting Songs (Billboard Hot Rock) - Statistics

General Stats
  • This quiz has been taken 177 times
    81 since last reset
  • The average score is 12 of 13
Answer Stats
Album Weeks On Peak Artist(s) Song % Correct
Are You Alright? 1 Week #50 Lovejoy Cause for Concern
97%
Are You Alright? 2 Weeks #35 Lovejoy Sex Sells
97%
Are You Alright? 2 Weeks #31 Lovejoy Taunt
97%
Pebble Brain 1 Week #26 Lovejoy The Fall
97%
Wake Up & It's Over 3 Weeks #25 Lovejoy Call Me What You Like
96%
Pebble Brain 1 Week #35 Lovejoy Concrete
96%
Pebble Brain 1 Week #29 Lovejoy Oh Yeah, You Gonna Cry?
96%
Are You Alright? 6 Weeks #26 Lovejoy One Day
96%
Pebble Brain 1 Week #24 Lovejoy Perfume
96%
Pebble Brain 1 Week #40 Lovejoy It's All Futile! It's All Pointless!
94%
Pebble Brain 1 Week #36 Lovejoy Model Buses
94%
Wake Up & It's Over 1 Week #50 Lovejoy Portrait of a Blank Slate
93%
Pebble Brain 1 Week #43 Lovejoy You'll Understand When You're Older
93%
No matching quizzes found
Score Distribution
Percent of People with Each Score
Percentile by Number Answered
Your Score History
You have not taken this quiz since the last reset